Biggest Cities in Japan TOP-100 - Statistics

General Stats
  • This quiz has been taken 50 times
  • The average score is 57 of 100
Answer Stats
No. City % Correct
1 Tokyo
97%
12 Sendai
93%
11 Hiroshima
90%
49 Nagasaki
90%
3 Osaka
90%
5 Sapporo
90%
2 Yokohama
90%
13 Chiba
87%
9 Kyoto
87%
4 Nagoya
87%
6 Fukuoka
83%
8 Kobe
83%
76 Fukushima
80%
58 Nara
80%
10 Saitama
77%
84 Aomori
73%
46 Gifu
73%
7 Kawasaki
73%
20 Okayama
73%
99 Saga
73%
21 Shizuoka
73%
16 Hamamatsu
70%
24 Kagoshima
70%
18 Kumamoto
70%
17 Niigata
70%
43 Toyama
70%
93 Fuji
67%
55 Nagano
67%
68 Naha
67%
60 Wakayama
67%
87 Fukui
63%
97 Hakodate
63%
67 Kochi
63%
47 Miyazaki
63%
33 Oita
63%
15 Sakai
63%
41 Toyota
63%
30 Matsuyama
60%
19 Sagamihara
60%
92 Tokushima
60%
54 Toyohashi
60%
94 Yamagata
60%
73 Akita
57%
22 Funabashi
57%
25 Hachioji
57%
36 Kanazawa
57%
42 Takamatsu
57%
27 Utsunomiya
57%
38 Fujisawa
53%
26 Himeji
53%
23 Kawaguchi
53%
40 Machida
53%
77 Mito
53%
50 Okazaki
53%
53 Takasaki
53%
79 Tsu
53%
66 Asahikawa
50%
37 Fukuyama
50%
51 Ichinomiya
50%
56 Kawagoe
50%
75 Morioka
50%
59 Otsu
50%
95 Shimonoseki
50%
52 Yokosuka
50%
31 Higashiosaka
47%
39 Kashiwa
47%
64 Koriyama
47%
63 Maebashi
47%
96 Matsumoto
47%
80 Tsukuba
47%
71 Yokkaichi
47%
90 Chigasaki
43%
89 Chofu
43%
28 Ichikawa
43%
65 Iwaki
43%
34 Kurashiki
43%
72 Kurume
43%
100 Sasebo
43%
45 Suita
43%
57 Takatsuki
43%
44 Toyonaka
43%
91 Yamato
43%
69 Akashi
40%
35 Amagasaki
40%
78 Fuchu
40%
48 Hirakata
40%
62 Koshigaya
40%
86 Nagaoka
40%
32 Nishinomiya
40%
83 Yao
40%
82 Hiratsuka
37%
74 Ibaraki
37%
70 Kasugai
37%
29 Matsudo
37%
61 Tokorozawa
37%
81 Ichihara
33%
85 Kakogawa
33%
88 Soka
33%
14 Kitakyusyu
30%
98 Ageo
27%
No matching quizzes found
Score Distribution
Percent of People with Each Score
Percentile by Number Answered
Your Score History
You have not taken this quiz